01366nam a2200301 a 45000010005000000030006000050050017000110080041000280200015000690350019000840400032001030410008001350820028001431000028001712450097001992600043002963000027003394900078003665040052004446500052004966500059005486510068006078300086006759420012007619990015007739520137007889520139009257979UkOxU20211208234514.0160830s1972 enk bs 001 0 eng  a0521072301 a(BD-RjUL) 8023 aDLCcDLCdm.cdBD-RjULbeng aeng a339.20942bFEN 19722231 aFeinstein, C. H.91078510aNational income, expenditure and output of the United Kingdom, 1855-1965 /cC. H. Feinstein. aCambridge :bUniversity Press,cc1972. aviii, 244 p. ;c31 cm.1 aStudies in the national income and expenditure of the United Kingdom ;v6 aIncludes bibliographical references and index.  0aNational incomezGreat BritainxHistory.924896 0aGross national productzGreat BritainxHistory.924897 0aGreat BritainxAppropriations and expendituresxHistory.924898 aStudies in the national income and expenditure of the United Kingdom ;v69133477 2ddccBK c7979d7979 00102ddc40708NFICaRUCLbRUCLcStackd1985-04-30eTulipg652.00l0o339.20942 FEN 1972r2016-08-30 00:00:00tC-2w2021-12-08yBK 00102ddc40718NFICaRUCLbRUCLcReadingd1985-04-30eTulipg652.00l0o339.20942 FEN 1972r2016-08-30 00:00:00tC-1w2016-08-30yBK